01165nam a22002657a 450000500170000001000130001702000220003003500130005203700160006504000120008108200290009310000570012224500970017924600450027626000850032127000600040630000540046665000500052065000560057065000250062665000370065194200380068899900190072695201540074520170124103204.0  aA-583329  c225.00a819002096  aA-583329  bCen Lib/Ret  aDPLbHN  a425bरुवाली   aरुवाली, केशवदत्त 993057  aमानक हिंदी ज्ञान /cकेशवदत्त रुवाली   aManak hindi gyan /bby KEshavdatt Ruvali  aअल्मोड़ा bअल्मोड़ा बू डिपो  c1992   bअल्मोड़ा aमाल रोड e263601  a104पृ. c21सेमी(सजिल्द )   aहिंदी -- भाषा x z 993058  aभाषा -- मानक हिंदी 96720  aHindi language99446  aLanguage - Standard Hindi993059  2ddccHNh425mरुवाली   c120865d120865  00104070aLbLd2015-09-29eCen Lib/Retg225.00l2m3o425 रुवालीpA-583329r2023-11-02 00:00:00s2023-10-04t1v225.00w2015-09-29yHN